Ayah / (Record no. 142108)

MARC details
000 -LEADER
fixed length control field 00998nam a2200325 a 4500
001 - CONTROL NUMBER
control field vtls000673084
003 - CONTROL NUMBER IDENTIFIER
control field PNM
005 - DATE AND TIME OF LATEST TRANSACTION
control field 20180728150152.0
008 - FIXED-LENGTH DATA ELEMENTS--GENERAL INFORMATION
fixed length control field 120410t20112011my | g | 000 1 may
015 ## - NATIONAL BIBLIOGRAPHY NUMBER
National bibliography number M12-05226
020 ## - INTERNATIONAL STANDARD BOOK NUMBER
International Standard Book Number 9789673910298 :
Terms of availability RM25.60
Qualifying information paperback
039 #9 - LEVEL OF BIBLIOGRAPHIC CONTROL AND CODING DETAIL [OBSOLETE]
Level of rules in bibliographic description 201210041010
Level of effort used to assign nonsubject heading access points norizan
Level of effort used to assign subject headings 201207021054
Level of effort used to assign classification zalina
Level of effort used to assign subject headings 201207021040
Level of effort used to assign classification zalina
Level of effort used to assign subject headings 201206251054
Level of effort used to assign classification nooraini
040 ## - CATALOGING SOURCE
Original cataloging agency BNM
Transcribing agency PNM
Language of cataloging eng
Modifying agency PPAK
Description conventions rda
049 ## - LOCAL HOLDINGS (OCLC)
Holding library klpmal
082 04 - DEWEY DECIMAL CLASSIFICATION NUMBER
Classification number 899.233
Edition number 23
090 00 - LOCALLY ASSIGNED LC-TYPE CALL NUMBER (OCLC); LOCAL CALL NUMBER (RLIN)
Classification number (OCLC) (R) ; Classification number, CALL (RLIN) (NR) 899.233
Feature heading IEY
Feature heading G
100 0# - MAIN ENTRY--PERSONAL NAME
Personal name Ieyzza Kasturi
Relator term author
245 10 - TITLE STATEMENT
Title Ayah /
Statement of responsibility, etc. Ieyzza Kasturi
264 ## - PRODUCTION, PUBLICATION, DISTRIBUTION, MANUFACTURE, AND COPYRIGHT NOTICE
Place of production, publication, distribution, manufacture Seri Kembangan, Selangor :
Name of producer, publisher, distributor, manufacturer Penerbitan Premier,
Date of production, publication, distribution, manufacture, or copyright notice 2011
Date of production, publication, distribution, manufacture, or copyright notice © 2011
300 ## - PHYSICAL DESCRIPTION
Extent 94 pages ;
Dimensions 21 cm
336 ## - CONTENT TYPE
Source rdacontent
Content type term text
337 ## - MEDIA TYPE
Source rdamedia
Media type term unmediated
338 ## - CARRIER TYPE
Source rdacarrier
Carrier type term volume
490 1# - SERIES STATEMENT
Series statement SIRI NOVEL REMAJA 1MALAYSIA
650 10 - SUBJECT ADDED ENTRY--TOPICAL TERM
Topical term or geographic name entry element Young adult fiction, Malay
Topical term or geographic name entry element Malaysian fiction (Malay)
830 #0 - SERIES ADDED ENTRY--UNIFORM TITLE
Uniform title Siri novel remaja 1Malaysia
942 ## - ADDED ENTRY ELEMENTS (KOHA)
Source of classification or shelving scheme Dewey Decimal Classification
Koha item type Book
Holdings
Withdrawn Not for loan Current library Shelving location Date acquired Total Checkouts Full call number Barcode Checked out Date last seen Date last checked out Koha item type
    Perpustakaan Alor Setar Pinjaman Dewasa 02/05/2018 2 899.233 IEY A00736730 10/06/2023 20/05/2023 20/05/2023 Book